000 00761nam a22002297a 4500
005 20170124105956.0
010 _aA-160050
020 _c45.00
035 _aA-160050
037 _bCen Lib/Ret
040 _aDPL
_bEN
082 _a336.240954
_bBHA
100 _aBhagwati Prasad
_980389
245 _aLaw & practice of incom-tax in India :
_bby R.A. Dhruv
_cincluding wealth-tax, gift-tax, estate duty and companies (profit) surtax act, 1964 /
250 _a15th rev.ed
260 _aAligarh
_bNavman Prakashan
_c1980
270 _aMadar Gate
_bAligarh
_e202001
300 _avarious pagings
_c24cm(Hb)
650 _aDirect taxation--Law and legislation
_980390
650 _aDirect taxation
_980391
942 _2ddc
_cEN
_h336.240954
_mBHA
999 _c125519
_d125519